000 00805nam a2200265Ia 4500
003 OSt
005 20220924115810.0
006 a|||||r|||| 00| 0
007 ta
008 220923b |||||||| |||| 00| 0 urd d
020 _a9789350737439 (hbk)
020 _c300
024 _a289475
037 _b4690, 09/03/2016, Kitabi Duniya
_cTextual
040 _aARTS
_cARTS
_burd
041 _2urd
_aurd
082 _aO168,6N52x, Q6
100 _aPuri Shahid Mahmood
_9179627
245 0 _aNuqoosh e afkar
_b Collection of Essays
260 _aDelhi
_bEducational Publishing House India
_c2016
300 _a343p.
_ccm.
650 _aURDU PROSE
_926866
942 _hO168,6N52x, Q6
_cTEXL
_2CC
999 _c399935
_d399935